Дело об установлении порядка распределения учебных предметов в Киевской гимназии и уездном училище при ней

Доступно только в Электронных читальных залах Найти на картеНа карте
RUSMARC
00004283nmc2a2200000 x 450
001799b5b60-32b7-49f3-a2bf-ccb3bdc128d8
00520170420122308.0
100##$a20140903l18191833k l0rusy0189 ca
1010#$arus
102##$aRU
2001#$aДело об установлении порядка распределения учебных предметов в Киевской гимназии и уездном училище при ней
$j31 августа 1819 г. - 27 сентября 1833 г.
251##$cДело
300##$aДело
300##$aОриг. заголовок дела: Дело по отношению попечителя Харьковского учебного округа, относительно порядка учения в Киевской гимназии поветовом при ней училище. 31 августа 1819 г. - 27 сентября 1833 г
801#0$aRU
$bРГИА
$c20140903
$gRCR
801#1$aRU
$bГлавНИВЦ
$c20140903
$2rusmarc
801#2$aRU
$bПБ им. Б.Н. Ельцина
$c20170420
$gRCR
$2rusmarc
850##$aРГИА
852##$aРГИА
$eФедеральное казенное учреждение "Российский государственный исторический архив" (РГИА)
$j26
937##$hРГИА
$d11177410
$aASBIBLIO_SCAN
462#0$1001460feb74-7b04-4139-aeb0-b9d27856a1ef
$12001
$aДела Департамента народного просвещения по Киевскому учебному округу за 1804-1844 гг.
$1251
$cОпись
$1852
$j69
461#0$1001a74412a3-3cc5-4d21-8f0a-dfe2fbd9e72d
$12001
$aДепартамент народного просвещения Министерства народного просвещения (1803-1917)
$1251
$cФонд
$1852
$j733
215##$a18 л.
$d36,5x26 см
371##$aДокумент не является опубликованным и широко распространяемым
105##$ay###
1222#$ad
5171#$aДело по отношению попечителя Харьковского учебного округа, относительно порядка учения в Киевской гимназии поветовом при ней училище. 31 августа 1819 г. - 27 сентября 1833 г
035##$a799b5b60-32b7-49f3-a2bf-ccb3bdc128d8
856##$uhttp://readingroom.main.prlib.ru/item.aspx?id_node=n97287344&mode=full
Формат отображения